Riconosci la Squadra di calcio - Quiz n°280 - Statistics

Statistiche generali
  • Questo quiz è stato fatto 6 volte
  • Il punteggio medio è 7 su 9
Statistiche sulle risposte
Indizio Risposta % Corretto
Titoli nazionali 2 Campionati russi
100%
Colori sociali Rosso, verde
100%
Trofei nazionali 1 Coppa di Russia 2 Supercoppa di Russia
83%
Divisione nazionale 2023-2024 Prima
83%
Fondazione 1958
67%
Trofei internazionali 1 Coppa dei Campioni della CSI
67%
Capienza Stadio 45 105 posti
67%
Confederazione UEFA
67%
Squadra Rubin Kazan'
50%
Nessun quiz corrispondente trovato
Distribuzione punteggi
Percentuale di utenti per punteggio
Percentile per numero di risposta
I tuoi punteggi nel tempo
Non hai fatto questo quiz